00333nam a2200121Ia 4500008004100000041000800041082001500049100001300064245004500077260005000122300002800172365001100200240624s9999 xx 000 0 und d aeng a344.01 PUR aPURI S D aPRIVATE SECURITY AGENCIES REGULATION ACT c2008aMumbaibSnow White Publication Pvt. Ltd ax, : 49 : p. : cm. ; 24 cRSb15